00418cam a2200169ua 45000010005000000080039000050200018000440400009000620410008000710820013000791000036000922450037001282500012001652600042001773000010002196530019002299657160314n ii |||gr||||Z||||||asm a9789381710487 cMAIN aasm a891.4513 aBorgohain, Juri Borah,eAuthor.1 aLedolamcby Juri Borah Borgohain a2nd ed. aGuwahati:bBanphool prakashan,c2015. a511p. aAssamese novel